Conocer, gustar y vivir la palabra : (Registro nro. 237059)

Detalles MARC
000 -LEADER
fixed length control field 01916nam a2200481Ii 4500
001 - CONTROL NUMBER
control field DIGVEDIV0008
003 - CONTROL NUMBER IDENTIFIER
control field NyNyDIG
008 - FIXED-LENGTH DATA ELEMENTS--GENERAL INFORMATION
fixed length control field 140417t20122012sp ob 000 0 spa d
006 - FIXED-LENGTH DATA ELEMENTS--ADDITIONAL MATERIAL CHARACTERISTICS
fixed length control field m o d
007 - PHYSICAL DESCRIPTION FIXED FIELD--GENERAL INFORMATION
fixed length control field cr |||||||||||
035 ## - SYSTEM CONTROL NUMBER
System control number (OCoLC)854567765
040 ## - CATALOGING SOURCE
Original cataloging agency DGITA
Language of cataloging eng
Description conventions rda
-- pn
Transcribing agency DGITA
020 ## - INTERNATIONAL STANDARD BOOK NUMBER
International Standard Book Number 9788499455853
Qualifying information (eBook ;
-- pdf)
020 ## - INTERNATIONAL STANDARD BOOK NUMBER
International Standard Book Number 8499455859
Qualifying information (eBook ;
-- pdf)
020 ## - INTERNATIONAL STANDARD BOOK NUMBER
International Standard Book Number 9788499455860
Qualifying information (eBook ;
-- ePub)
020 ## - INTERNATIONAL STANDARD BOOK NUMBER
International Standard Book Number 8499455867
Qualifying information (eBook ;
-- ePub)
020 ## - INTERNATIONAL STANDARD BOOK NUMBER
Canceled/invalid ISBN 9788481695762
020 ## - INTERNATIONAL STANDARD BOOK NUMBER
Canceled/invalid ISBN 8481695769
050 14 - LIBRARY OF CONGRESS CALL NUMBER
Classification number BV248 eBook
100 1# - MAIN ENTRY--PERSONAL NAME
Personal name Ulibarri, Florentino,
Relator term author.
245 10 - TITLE STATEMENT
Title Conocer, gustar y vivir la palabra :
Remainder of title sugerencias para orar con el Evangelio.
Name of part/section of a work Ciclo B /
Statement of responsibility, etc. Florentino Ulibarri.
250 ## - EDITION STATEMENT
Edition statement Tercera edición.
264 #1 - PRODUCTION, PUBLICATION, DISTRIBUTION, MANUFACTURE, AND COPYRIGHT NOTICE
Place of production, publication, distribution, manufacture Estella (Navarra), España :
Name of producer, publisher, distributor, manufacturer Editorial Verbo Divino,
Date of production, publication, distribution, manufacture, or copyright notice [2012]
264 #4 - PRODUCTION, PUBLICATION, DISTRIBUTION, MANUFACTURE, AND COPYRIGHT NOTICE
Date of production, publication, distribution, manufacture, or copyright notice ©2012
300 ## - PHYSICAL DESCRIPTION
Extent 1 online resource (446 pages)
336 ## - CONTENT TYPE
Content type term text
Content type code txt
Source rdacontent
337 ## - MEDIA TYPE
Media type term computer
Media type code c
Source rdamedia
338 ## - CARRIER TYPE
Carrier type term online resource
Carrier type code cr
Source rdacarrier
500 ## - GENERAL NOTE
General note Asociación "Comunidades Cristianas Fe y Justicia."--Title page.
504 ## - BIBLIOGRAPHY, ETC. NOTE
Bibliography, etc. note Includes bibliographical references (pages 435-437).
588 0# - SOURCE OF DESCRIPTION NOTE
Source of description note Online resource; title from ePub and PDF title page (Digitalia, viewed April 18, 2014)
630 00 - SUBJECT ADDED ENTRY--UNIFORM TITLE
Uniform title Bible
Form subdivision Prayers.
650 #0 - SUBJECT ADDED ENTRY--TOPICAL TERM
Topical term or geographic name entry element Prayers.
610 20 - SUBJECT ADDED ENTRY--CORPORATE NAME
Corporate name or jurisdiction name as entry element Catholic Church
Form subdivision Prayers and devotions.
655 #0 - INDEX TERM--GENRE/FORM
Genre/form data or focus term Electronic books.
710 2# - ADDED ENTRY--CORPORATE NAME
Corporate name or jurisdiction name as entry element Asociación "Comunidades Cristianas Fe y Justicia."
776 08 - ADDITIONAL PHYSICAL FORM ENTRY
Relationship information Print version:
Main entry heading Ulibarri, Florentino.
Title Conocer, gustar y vivir la palabra.
Place, publisher, and date of publication Estella (Navarra) : Editorial Verbo Divino, 2006
International Standard Book Number 9788481695762
791 ## -
-- Digitalia (Firm)
-- distributor.
793 0# -
-- Digitalia eBook Collection:
-- Editorial Verbo Divino
856 40 - ELECTRONIC LOCATION AND ACCESS
Materials specified Digitalia Hispánica
Uniform Resource Identifier <a href="https://www.digitaliapublishing.com/a/20687/">https://www.digitaliapublishing.com/a/20687/</a>
910 ## - USER-OPTION DATA (OCLC)
User-option data Premium Collection: 2013
942 ## - ADDED ENTRY ELEMENTS (KOHA)
Koha item type Recurso Electrónico
Existencias
Withdrawn status Lost status Damaged status Not for loan Collection Home library Current library Date acquired Total checkouts Date last seen Price effective from Koha item type
        Digitalia Ebooks Hispanica Biblioteca Digital UIN Biblioteca Digital UIN 04/25/2025   04/25/2025 04/25/2025 Recurso Electrónico

CONTACTO


NOSOTROS


SITIOS DE INTERES

coordinacion.biblioteca.biblioteca@unienlinea.mx Misión, Visión y Objetivos Bases de datos
Directorio Bibliotecas Digitales y Repositorios
Normatividad Revistas y artículos
Convenios interbibliotecarios
Boletines



Hecho en México. Universidad Insurgentes (UIN). Todos los derechos reservados 2024. Esta página y sus contenidos pueden ser reproducidos con fines no lucrativos, siempre y cuando no se mutile, se cite la fuente completa y su dirección electrónicas. De otra forma requiere permiso previo por escrito de la institución




2024 Copyright Universidad Insurgentes | www.bibliouin.com.mx